<?xml version="1.0" encoding="UTF-8"?>
<record
    xmlns:xsi="http://www.w3.org/2001/XMLSchema-instance"
    xsi:schemaLocation="http://www.loc.gov/MARC21/slim http://www.loc.gov/standards/marcxml/schema/MARC21slim.xsd"
    xmlns="http://www.loc.gov/MARC21/slim">

  <leader>00727nam a2200229 a 4500</leader>
  <datafield tag="999" ind1=" " ind2=" ">
    <subfield code="c">839</subfield>
    <subfield code="d">839</subfield>
  </datafield>
  <controlfield tag="001">4228</controlfield>
  <controlfield tag="003">BD-DhUAP</controlfield>
  <controlfield tag="005">20200128131033.0</controlfield>
  <controlfield tag="008">200128s20001999bg            000 0 eng  </controlfield>
  <datafield tag="020" ind1=" " ind2=" ">
    <subfield code="a">9840514636</subfield>
  </datafield>
  <datafield tag="040" ind1=" " ind2=" ">
    <subfield code="a">BD-DhUAP</subfield>
    <subfield code="c">BD-DhUAP</subfield>
    <subfield code="d">BD-DhUAP</subfield>
    <subfield code="b">Eng</subfield>
  </datafield>
  <datafield tag="082" ind1="0" ind2="0">
    <subfield code="a">954.9205 KIB</subfield>
    <subfield code="2">23</subfield>
  </datafield>
  <datafield tag="100" ind1="1" ind2=" ">
    <subfield code="a">Kibria, Shah A. M. S.</subfield>
    <subfield code="9">11853</subfield>
  </datafield>
  <datafield tag="245" ind1="1" ind2="0">
    <subfield code="a">Bangladesh at the crossroads /</subfield>
    <subfield code="c">Shah A.M.S. Kibria.</subfield>
  </datafield>
  <datafield tag="260" ind1=" " ind2=" ">
    <subfield code="a">Bangladesh :</subfield>
    <subfield code="b">University Press,</subfield>
    <subfield code="c">c1999 [Reprinted 2000].</subfield>
  </datafield>
  <datafield tag="300" ind1=" " ind2=" ">
    <subfield code="a">xii, 365 pages ;</subfield>
    <subfield code="c">22 cm.</subfield>
  </datafield>
  <datafield tag="651" ind1=" " ind2="0">
    <subfield code="a">Bangladesh</subfield>
    <subfield code="x">Politics and government</subfield>
    <subfield code="y">1971</subfield>
    <subfield code="9">11981</subfield>
  </datafield>
  <datafield tag="651" ind1=" " ind2="0">
    <subfield code="a">Bangladesh</subfield>
    <subfield code="x">Economic conditions.</subfield>
    <subfield code="9">6034</subfield>
  </datafield>
  <datafield tag="651" ind1=" " ind2="0">
    <subfield code="a">Bangladesh</subfield>
    <subfield code="x">Social conditions.</subfield>
    <subfield code="9">10911</subfield>
  </datafield>
  <datafield tag="942" ind1=" " ind2=" ">
    <subfield code="2">ddc</subfield>
    <subfield code="c">BK</subfield>
  </datafield>
  <datafield tag="952" ind1=" " ind2=" ">
    <subfield code="0">0</subfield>
    <subfield code="1">0</subfield>
    <subfield code="2">ddc</subfield>
    <subfield code="4">0</subfield>
    <subfield code="7">0</subfield>
    <subfield code="a">UAPCL</subfield>
    <subfield code="b">UAPCL</subfield>
    <subfield code="c">General Stacks</subfield>
    <subfield code="d">2020-01-28</subfield>
    <subfield code="o">954.9205 KIB</subfield>
    <subfield code="p">3010004228</subfield>
    <subfield code="r">2020-01-28</subfield>
    <subfield code="t">1</subfield>
    <subfield code="w">2020-01-28</subfield>
    <subfield code="y">BK</subfield>
  </datafield>
</record>
